Sports Quiz

Random Sports or Olympics Quiz

London 2012 Paralympic Sports Quiz Stats

 Plays Quiz Updated Apr 3, 2020

Support Sporcle.
Go Orange.
Score 0/19 Timer 05:00
0 Plays Today
Sport/Event % Correct
Swimming
87.9%
Wheelchair Basketball
85.1%
Athletics
84.3%
Football
70.9%
Archery
68%
Wheelchair Tennis
64.9%
Cycling
62.9%
Sitting Volleyball
59.8%
Shooting
52.5%
Table Tennis
51.7%
Sport/Event % Correct
Wheelchair Rugby
50.8%
Rowing
50.3%
Equestrian
49.4%
Judo
46.9%
Wheelchair Fencing
42.6%
Powerlifting
39.2%
Sailing
36.8%
Boccia
31%
Goalball
28.7%

From the Vault

Countries: Jeopardy Style

by catmama

We'll take Kyrgyzstan for $200, please.
Remove Ads.
Support Sporcle.
Get the best of Sporcle when you Go Orange. This ad-free experience offers more features, more stats, and more fun while also helping to support Sporcle. Thank you for becoming a member.

Show Comments

Extras

Top Quizzes Today


Score Distribution

Your Account Isn't Verified!

In order to create a playlist on Sporcle, you need to verify the email address you used during registration. Go to your Sporcle Settings to finish the process.

Report this User

Report this user for behavior that violates our Community Guidelines.

Details: